[Event "Florianopolis op 7th"]
[Site "Florianopolis"]
[Date "2021.01.23"]
[Round "9"]
[White "Dull, Amanda Paul"]
[Black "Andrade, Moacir Belarmino F"]
[Result "1/2-1/2"]
[WhiteElo "1853"]
[BlackElo "1578"]
[PlyCount "123"]
[EventDate "2021.01.18"]
[EventType "swiss"]
[EventRounds "10"]
[EventCountry "BRA"]
[SourceTitle "CBM 200 Extra"]
[Source "ChessBase"]
[SourceDate "2021.03.31"]
[SourceVersion "1"]
[SourceVersionDate "2021.03.31"]
[SourceQuality "1"]

1. d4 d5 2. Bf4 Nf6 3. e3 Nc6 4. c3 Bd7 5. Bd3 Bg4 6. Nf3 e6 7. Nbd2 Be7 8. h3 Bh5 9. 0-0 0-0 10. Qc2 Rc8 11. e4 Bg6 12. e5 Bxd3 13. Qxd3 Nd7 14. Rfe1 Ncb8 15. Nh2 Bg5 16. Bxg5 Qxg5 17. Re3 Qg6 18. Qe2 Qc2 19. Rb1 c5 20. Rg3 Nc6 21. Qg4 g6 22. Nhf3 Ne7 23. Qg5 Nf5 24. Ne1 Qa4 25. Rg4 cxd4 26. cxd4 f6 27. exf6 Nxf6 28. Rf4 Nh5 29. Rf3 Nxd4 30. Ra3 Qd7 31. Ndf3 Nxf3+ 32. Nxf3 a6 33. Ne5 Qg7 34. Ng4 Nf6 35. Nh6+ Kh8 36. Ng4 Nxg4 37. Qxg4 e5 38. Rd3 d4 39. f3 Rc6 40. Re1 Rfc8 41. Qg5 Re8 42. Rxd4 Rce6 43. Rde4 Qc7 44. Qe3 Kg7 45. Rc1 Qb6 46. Qxb6 Rxb6 47. Rc7+ Kf6 48. b3 Rh8 49. Kf2 h5 50. Re2 Rd8 51. Ke3 Rd4 52. Rec2 Rd1 53. Rd2 Rxd2 54. Kxd2 h4 55. Ke3 Rb4 56. Rc4 Rxc4 57. bxc4 Kf5 58. c5 Kf6 59. f4 Kf5 60. fxe5 Kxe5 61. Kf3 Kf5 62. Ke3 1/2-1/2

[Event "Florianopolis op 7th"]
[Site "Florianopolis"]
[Date "2021.01.19"]
[Round "3"]
[White "Dull, Amanda Paul"]
[Black "Da Silva, Jean Henrique da Ro"]
[Result "1-0"]
[WhiteElo "1853"]
[BlackElo "1610"]
[PlyCount "71"]
[EventDate "2021.01.18"]
[EventType "swiss"]
[EventRounds "10"]
[EventCountry "BRA"]
[SourceTitle "CBM 200 Extra"]
[Source "ChessBase"]
[SourceDate "2021.03.31"]
[SourceVersion "1"]
[SourceVersionDate "2021.03.31"]
[SourceQuality "1"]

1. d4 Nf6 2. Nf3 g6 3. c3 Bg7 4. Bg5 h6 5. Bh4 d6 6. Nbd2 g5 7. Bg3 Nh5 8. e4 Nd7 9. Bc4 c5 10. Ne5 Nxe5 11. Bxe5 Nf6 12. Bg3 cxd4 13. cxd4 Qb6 14. e5 dxe5 15. dxe5 Ng4 16. Qe2 Qxb2 17. Rb1 Qd4 18. e6 Bxe6 19. Bxe6 fxe6 20. 0-0 0-0 21. Qxe6+ Rf7 22. Nf3 Qa4 23. Rxb7 Bc3 24. Rxe7 Raf8 25. Rxf7 Rxf7 26. Qc8+ Rf8 27. Qxc3 Qxa2 28. Ra1 Qf7 29. h3 Nf6 30. Qd4 Ra8 31. Be5 Nh5 32. Nh2 Nf4 33. Bxf4 gxf4 34. Ng4 Kh7 35. Qe4+ Kg7 36. Qxa8 1-0

[Event "Florianopolis op 7th"]
[Site "Florianopolis"]
[Date "2021.01.19"]
[Round "2"]
[White "Souza, Neurismar da Rocha"]
[Black "Dull, Amanda Paul"]
[Result "1/2-1/2"]
[WhiteElo "1515"]
[BlackElo "1853"]
[PlyCount "110"]
[EventDate "2021.01.18"]
[EventType "swiss"]
[EventRounds "10"]
[EventCountry "BRA"]
[SourceTitle "CBM 200 Extra"]
[Source "ChessBase"]
[SourceDate "2021.03.31"]
[SourceVersion "1"]
[SourceVersionDate "2021.03.31"]
[SourceQuality "1"]

1. e4 Nf6 2. Nc3 d5 3. exd5 Nxd5 4. Nxd5 Qxd5 5. Nf3 Bg4 6. Be2 Nc6 7. c3 e5 8. Qb3 0-0-0 9. Qxd5 Rxd5 10. Ng1 h5 11. Bc4 Rd7 12. b4 e4 13. h3 Bf5 14. Bb5 Rd6 15. Bxc6 Rxc6 16. Ne2 Rg6 17. Nf4 Rd6 18. h4 Be7 19. a4 Bg4 20. Ne2 Bf6 21. Ng3 Bxc3 22. Rb1 Re8 23. Rb3 Bd4 24. 0-0 Rg6 25. Bb2 Be6 26. Bxd4 Bxb3 27. Nxh5 Rh8 28. Nxg7 Rxh4 29. Nf5 Rhg4 30. Ne7+ Kb8 31. Nxg6 Rxg6 32. a5 b6 33. Rc1 Bd5 34. g3 Kb7 35. Kf1 b5 36. Rc3 a6 37. Be5 Bc4+ 38. Kg2 c6 39. f3 exf3+ 40. Kxf3 Kc8 41. d3 Bd5+ 42. Ke3 Rg4 43. Bf4 Rg6 44. Rc1 Re6+ 45. Kf2 Re8 46. Re1 Be6 47. d4 Rh8 48. Ke3 Rh3 49. Re2 Rh1 50. Bd6 Kd7 51. Bc5 Rg1 52. Kf2 Rh1 53. Re3 Rh5 54. Ke1 Rh2 55. Re2 Rh5 1/2-1/2

[Event "Santa Catarina-ch (Women)"]
[Site "Lages"]
[Date "2020.02.16"]
[Round "5"]
[White "Vahldiek, Larissa Eduarda Sch"]
[Black "Dull, Amanda Paul"]
[Result "0-1"]
[WhiteElo "1448"]
[BlackElo "1854"]
[PlyCount "60"]
[EventDate "2020.02.14"]
[EventType "swiss"]
[EventRounds "6"]
[EventCountry "BRA"]
[SourceTitle "CBM 195 Extra"]
[Source "ChessBase"]
[SourceDate "2020.05.31"]
[SourceVersion "1"]
[SourceVersionDate "2020.05.31"]
[SourceQuality "1"]

1. d4 Nf6 2. Bg5 d5 3. Bxf6 exf6 4. Nf3 Bd6 5. e3 Bg4 6. h3 Bf5 7. Bd3 Qd7 8. Bxf5 Qxf5 9. Qd3 Qd7 10. Nbd2 Na6 11. a3 c6 12. Nb3 Qe7 13. c4 dxc4 14. Qxc4 0-0 15. g4 Rac8 16. Qe2 Rfe8 17. Rc1 Nc7 18. h4 Nd5 19. Kd2 b6 20. g5 f5 21. Rce1 c5 22. dxc5 bxc5 23. Kc2 c4 24. Nbd2 c3 25. b4 Qe4+ 26. Qd3 Bxb4 27. Qxe4 fxe4 28. axb4 exf3 29. Nxf3 Nxb4+ 30. Kb1 c2+ 0-1

[Event "Sao Paulo op-B U2050 8th"]
[Site "Sao Paulo"]
[Date "2019.10.20"]
[Round "5"]
[White "Roselli, Danilo Palomares"]
[Black "Dull, Amanda Paul"]
[Result "0-1"]
[WhiteElo "1881"]
[BlackElo "1829"]
[PlyCount "78"]
[EventDate "2019.10.17"]
[EventType "swiss"]
[EventRounds "6"]
[EventCountry "BRA"]
[SourceTitle "CBM 192 Extra"]
[Source "Chessbase"]
[SourceDate "2019.11.06"]
[SourceVersion "1"]
[SourceVersionDate "2019.11.06"]
[SourceQuality "1"]

1. b3 d5 2. Bb2 Bf5 3. e3 Nd7 4. Nf3 Ngf6 5. d3 e6 6. Be2 Bd6 7. Nh4 Bg6 8. g4 e5 9. g5 Ng8 10. f4 Ne7 11. Ng2 c6 12. Nd2 Qc7 13. Bg4 f5 14. gxf6 Nxf6 15. Qf3 Rf8 16. 0-0-0 Nxg4 17. Qxg4 Bf5 18. Qh5+ Bg6 19. Qg4 Bf5 20. Qg5 h6 21. Qh4 0-0-0 22. e4 Be6 23. f5 Bg8 24. Qg3 d4 25. Nh4 Qa5 26. Kb1 Rd7 27. Rhg1 c5 28. h3 Nc6 29. Qh2 Nb4 30. a3 Nc6 31. Rg2 c4 32. Nxc4 Bxc4 33. dxc4 Bxa3 34. Ba1 Bb4 35. Rg3 Rfd8 36. Rdd3 Be1 37. Rg4 Bxh4 38. Rxh4 Qe1+ 39. Ka2 Nb4+ 0-1

[Event "Sao Paulo op-B U2050 8th"]
[Site "Sao Paulo"]
[Date "2019.10.17"]
[Round "1"]
[White "Haraguchi, Matheus Sashaki"]
[Black "Dull, Amanda Paul"]
[Result "1/2-1/2"]
[WhiteElo "1633"]
[BlackElo "1829"]
[PlyCount "131"]
[EventDate "2019.10.17"]
[EventType "swiss"]
[EventRounds "6"]
[EventCountry "BRA"]
[SourceTitle "CBM 192 Extra"]
[Source "Chessbase"]
[SourceDate "2019.11.06"]
[SourceVersion "1"]
[SourceVersionDate "2019.11.06"]
[SourceQuality "1"]

1. c4 Nf6 2. g3 c6 3. Nf3 d5 4. b3 Bf5 5. Bg2 e6 6. 0-0 Nbd7 7. d4 Bd6 8. Bb2 h6 9. Nbd2 a5 10. Ne5 0-0 11. f4 c5 12. e3 cxd4 13. exd4 Bb4 14. h3 dxc4 15. Nexc4 Rb8 16. Rc1 Nb6 17. Nxb6 Qxb6 18. Nc4 Qa7 19. a3 Be7 20. Re1 Rfd8 21. Qe2 Bf8 22. g4 Bh7 23. Ne5 Nd5 24. Bxd5 Rxd5 25. Nxf7 Rxd4 26. Nxh6+ gxh6 27. Qxe6+ Kh8 28. Qe5+ Bg7 29. Bxd4 Qxd4+ 30. Qxd4 Bxd4+ 31. Kg2 Bb2 32. Rc7 Bxa3 33. f5 Bg8 34. Rb1 Re8 35. Rf1 Bxb3 36. f6 Rf8 37. Kg1 b5 38. h4 Bc4 39. Rf5 Be6 40. Rxb5 Bxg4 41. Rxa5 Bb2 42. Ra4 h5 43. Rg7 Bd1 44. Rf4 Rxf6 45. Rxf6 Bxf6 46. Rg2 Bxh4 47. Kh1 Kh7 48. Kh2 Bg4 49. Kg1 Kg6 50. Ra2 Bf6 51. Kg2 Kf5 52. Ra5+ Be5 53. Ra8 h4 54. Ra3 Bh5 55. Kh3 Bf6 56. Ra5+ Kg6 57. Rxh5 Kxh5 58. Kg2 Kg4 59. Kh2 Be5+ 60. Kg2 Bg3 61. Kg1 Kf3 62. Kh1 Ke2 63. Kg2 Ke1 64. Kg1 Bf2+ 65. Kg2 Bg3 66. Kg1 1/2-1/2